Plataforma de distribució logística : Operador logístic de la Diputació de Barcelona : Solucions logístiques al teu abast Operador logístic de la Diputació de Barcelona : Solucions logístiques al teu abast
Descripción Física:
1 tríptic ; il. col. ; 10 x 21 cm.
Idioma:
Catalán
MARC
| LEADER | 00000nam a22000007a 4500 | ||
|---|---|---|---|
| 001 | 27401 | ||
| 003 | Arxiu | ||
| 005 | 20260324181153.0 | ||
| 008 | 230227b spa||||| |||| 00| 0 cat d | ||
| 017 | |a B 6301-2022 | ||
| 040 | |a agdb |b cat | ||
| 041 | |a cat | ||
| 245 | |a Plataforma de distribució logística : |b Operador logístic de la Diputació de Barcelona : Solucions logístiques al teu abast | ||
| 260 | |a Barcelona : |b Diputació de Barcelona ; |c 2022 | ||
| 300 | |a 1 tríptic ; |b il. col. ; |c 10 x 21 cm. | ||
| 610 | 1 | 0 | |a Barcelona (Catalunya : Província). |b Diputació |x Edificis |v Guies |
| 710 | |a Barcelona (Catalunya : Província). |b Subdirecció de Logística |9 54723 | ||
| 942 | |2 udc |c ARXIU |n 1 | ||
| 952 | |0 0 |1 0 |2 udc |4 0 |6 FU7450 |7 1 |9 65341 |a Arxiu |b Arxiu |d 2023-02-27 |l 0 |o FU-74-50 |p 27401 |r 2023-02-27 00:00:00 |w 2023-02-27 |y ARXIU | ||
| 999 | |c 83086 |d 83086 | ||